000 00765nam a2200289Ia 4500
005 20260324140532.0
008 008 260324s9999 xx 000 0 eng d
020 _a9781315806037
037 _aEBOOK
040 _aCRL
040 _beng
040 _cCRL
041 _2eng
041 _aeng
084 _qCRL
100 _aCornelia E. Dowling; Fred S. Roberts; Peter Theuns
_91204768
245 0 _aRecent Progress in Mathematical Psychology
245 0 _bPsychophysics, Knowledge Representation, Cognition, and Measurement
260 _bTaylor and Francis
260 _c1998
365 _a
365 _b230
856 _uhttp://www.taylorfrancis.com/books/9781315806037
942 _cEBOOK
999 _c1806951
_d1806951